Ke směrnici 2005/29/ES o nekalých obchodních praktikách

Cieľ zavedenia smernice. Spotrebiteľ a jeho ochrana. Klamlivá reklama. Klamlivé označenie produktov a služieb. Vyvolanie nebezpečia zámeny Parazitovanie na povesti. Podplácanie. Porovnávacia reklama. Problémy definícií. Právne prostriedky ochrany proti nekalej súťaži. Zákaz klamania spotrebiteľa. Do...

Celý popis

Uložené v:
Podrobná bibliografia
Hlavný autor: Čechová, Jana
Ďalší autori: Přikryl, Vladimír
Médium: Kapitola
Jazyk:Czech
Predmet:
Tagy: Pridať tag
Žiadne tagy, Buďte prvý, kto otaguje tento záznam!

MARC

LEADER 00000naa$a2200000$$$4500
001 0052320
005 20231006075419.2
041 0 |a cze 
044 |a CZ 
245 1 0 |a Ke směrnici 2005/29/ES o nekalých obchodních praktikách  |c Jana Čechová, Vladimír Přikryl 
520 |a Cieľ zavedenia smernice. Spotrebiteľ a jeho ochrana. Klamlivá reklama. Klamlivé označenie produktov a služieb. Vyvolanie nebezpečia zámeny Parazitovanie na povesti. Podplácanie. Porovnávacia reklama. Problémy definícií. Právne prostriedky ochrany proti nekalej súťaži. Zákaz klamania spotrebiteľa. Dozor nad ochranou spotrebiteľa. Základný obsah smernice. Klamlivé jednanie. Klamlivé a agresívne obchodné praktiky. 
610 2 0 |a poisťovne 
610 2 0 |a smernice 
610 2 0 |a ochrana spotrebiteľa 
610 2 0 |a reklama klamlivá 
610 2 0 |a označovanie tovarov 
610 2 0 |a služby 
610 2 0 |a súťaž nekalá 
100 1 |a Čechová, Jana 
700 1 |a Přikryl, Vladimír